00669nam a2200229 a 4500001001300000003000900013005001700022008004100039020001000080082001500090100002100105245003400126260004300160300000900203500003500212505001000247650002400257902000800281942000700289952012800296999001500424nice12345678IN_TiNIC20260116013055.0050524s1996 lona grp 000 0 eng  ac60000a181.4bKEA aKearney, Richard aContinental Philosophy Reader aLondon bRoutledge Chapman Hall c1996 a481p aincludes index and biblioraphy2 aIndex aPhilosophy-European bSRS cBK 001040708StackRoom-aHMIbHMId2007-08-01g600.00l1o181.4 KEAp017912r2018-02-06s2018-02-02v600.00w2005-05-24yBK c9540d9540